[Event "Interzonal-12b"]
[Site "Toluca de Lerdo"]
[Date "1982.08.15"]
[Round "4"]
[White "Rodriguez Cespedes, Amador"]
[Black "Rubinetti, Jorge Alberto"]
[Result "1/2-1/2"]
[WhiteElo "2360"]
[BlackElo "2395"]
[Annotator "Rodriguez,Am"]
[PlyCount "70"]
[EventDate "1982.08.11"]
[EventType "tourn"]
[EventRounds "13"]
[EventCountry "MEX"]
[EventCategory "12"]
[SourceTitle "IZT"]
[Source "ChessBase"]
[SourceDate "1999.07.01"]
[SourceVersion "1"]
[SourceVersionDate "1999.07.01"]
[SourceQuality "1"]

1. e4 e5 2. Nf3 Nc6 3. Bb5 a6 4. Ba4 Nf6 5. O-O Be7 6. Re1 b5 7. Bb3 d6 8. c3
O-O 9. h3 Bb7 10. d4 Re8 11. Nbd2 Bf8 12. a3 h6 13. Bc2 Nb8 14. b4 Nbd7 15. Bb2
a5 16. Bd3 c6 17. Qb1 (17. Nb3 axb4 18. cxb4 exd4 {/\ c5}) 17... Qb8 18. bxa5
$5 (18. Nb3 axb4 19. cxb4 exd4 20. Nbxd4 (20. Bxd4 c5 $1) (20. Nfxd4 Ne5 {
/\ Nc4,c5})) 18... Rxa5 19. c4 bxc4 (19... exd4 20. cxb5 $1 c5 (20... cxb5 21.
Nxd4 $16) 21. a4 $1 $16) 20. Nxc4 Ra7 (20... Ra8 $2 21. dxe5 dxe5 22. Ncxe5 $18
) 21. Bc3 $6 (21. dxe5 $1 dxe5 22. Bc3 $14) 21... exd4 $1 22. Bxd4 (22. Nxd4 d5
$1) 22... c5 23. Bb2 (23. Bc3 d5 24. exd5 Nxd5 $17) 23... d5 24. exd5 Bxd5 25.
Nfe5 (25. Bxf6 $5 Nxf6 26. Qxb8 Rxb8 27. Nfd2) 25... Nxe5 26. Bxe5 Qxb1 27.
Raxb1 Nd7 $1 28. Bg3 $5 (28. Bb2 Rb8 $1 $17) 28... Rxe1+ 29. Rxe1 Bxc4 (29...
Ra4) 30. Bxc4 Nb6 $1 $13 31. Be2 c4 32. Rc1 Bxa3 33. Rc2 Ra4 34. Bc7 Bc5 35.
Bxb6 Bxb6 1/2-1/2

[Event "Excelsior Cup"]
[Site "Gothenburg"]
[Date "2002.01.13"]
[Round "6"]
[White "Rytshagov, Mikhail"]
[Black "Ernst, Thomas"]
[Result "1/2-1/2"]
[WhiteElo "2513"]
[BlackElo "2436"]
[Annotator "Rytshagov,M"]
[PlyCount "78"]
[EventDate "2002.01.08"]
[EventType "tourn"]
[EventRounds "9"]
[EventCountry "SWE"]
[EventCategory "9"]
[SourceTitle "EXT 2003"]
[Source "ChessBase"]
[SourceDate "2002.11.25"]
[SourceVersion "1"]
[SourceVersionDate "2002.11.25"]
[SourceQuality "1"]

1. e4 e5 2. Nf3 Nc6 3. Bb5 a6 4. Ba4 Nf6 5. O-O Be7 6. Re1 b5 7. Bb3 d6 8. c3
O-O 9. h3 h6 10. d4 Re8 11. Nbd2 Bf8 12. Nf1 Bb7 13. Ng3 Na5 14. Bc2 Nc4 15. a4
d5 $1 16. Nxe5 Nxe4 17. Bf4 (17. Nxe4) 17... Nxe5 $1 (17... Qh4 18. Qf3 $16 g5
$140 $6 19. Be3 Nxe5 20. dxe5 Nxg3 21. fxg3 Qc4 22. Qf5 $18) (17... Nxb2 18.
Qb1 $16) (17... Qf6 18. Qf3 g5 19. Nh5 $14) 18. dxe5 (18. Bxe5 $5 $14) 18...
Qh4 19. Qf3 Ng5 20. Bxg5 Qxg5 21. axb5 (21. Nf5 $5 h5 $1 (21... g6 22. h4 Qd8
23. Qg3 Kh8 24. e6 $40) 22. h4 (22. axb5 axb5 23. Qd3 g6 24. Qxb5 Rxa1 (24...
Rab8 25. e6 $1 gxf5 (25... fxe6 26. Nd4) (25... Rxe6 26. Rxe6 fxe6 27. Nd4 Bd6
28. Qd7 $14) 26. exf7+ Kxf7 27. Rxe8 Rxe8 28. Qxb7 (28. f4 Qg3) 28... Qd2 29.
Qxc7+ Re7 30. Qc6 Qxc2 31. Qxd5+ Kg7 32. Qd4+ Kg8 33. Qc4+ Kh8 (33... Kg7 34.
Qf4) 34. Ra8 $44) 25. Rxa1 Rb8 26. Ne3 Qxe5 27. Ra7 c6 28. Qb6 Ba8 29. Qa6 Qe8
$132) 22... Qg4 23. Qd3 g6 24. Nd4 (24. Ne3 Qe4 25. axb5 Qxd3 26. Bxd3 axb5 27.
Rxa8 Bxa8 28. Ra1 b4) 24... c5 25. Nf3 d4 26. cxd4 Bxf3 27. Qxf3 Qxf3 28. gxf3
cxd4 $11) 21... Rxe5 (21... axb5 22. Qd3 g6 23. Qxb5 Rab8 24. Ra7 Ba8 25. Qa5
Rxb2 26. Rxa8 Rxa8 27. Qxa8 Rxc2 28. Qxd5 Bg7 29. Re3 $14) 22. Rxe5 Qxe5 23.
Qd3 g6 24. bxa6 Bc5 $6 (24... Qf6 $1 25. axb7 Rxa1+ 26. Kh2 (26. Nf1 Qb6 27.
Qxd5 c6 28. Qc4 Qxb7 29. Bxg6 Bg7 $11) 26... Qb6 27. Qxd5 c6 28. Qd7 Ra7 29.
Bxg6 $1 Rxb7 30. Bxf7+ Kg7 31. Qe6 Rxf7 32. Nh5+ Kg8 33. Nf6+ Kg7 34. Nh5+ $11)
25. Qb5 (25. b4 Rxa6 (25... Bb6 26. b5 c6 27. bxc6 Bxc6 28. Ne2 Qf6 29. Nd4 $16
) 26. Rxa6 Qe1+ 27. Kh2 Bxa6 28. Qxa6 Bd6 (28... Bxf2 29. Ne2) 29. Bb3 Qxf2 30.
Qd3 h5 31. Bxd5 Kf8 32. h4 g5 $11) (25. Kh2 Rxa6 26. Rxa6 Bxa6 27. Qxa6 Bxf2
28. Qd3 h5 29. Qf3 Be1 30. h4 g5 $11) 25... Bb6 26. Ne2 (26. Ne4 Qf4 (26... Ra7
27. Bd3 Rxa6 28. Rxa6 Bxa6 29. Qxa6 dxe4 30. Qa8+ Kg7 31. Qxe4 Qg3 $11) 27. Nc5
Bxc5 28. Qxc5 Rxa6 29. Re1 Bc6 30. Bd3 Qd2 31. Bxa6 Qxe1+ 32. Bf1 Qe6 $11) (26.
Nh1 Ra7 (26... Qf6 27. Bd3 Bc6 28. Qb3 Qg5 29. Bb5 Bb7 30. Qd1) (26... Qd6 27.
Bd3 Bc6 28. Qb3) 27. Bd3 Kg7 28. axb7 (28. Qd7 Ba8 29. Qg4 c5 30. Ng3 c4) 28...
Rxa1+ 29. Bf1 Ba7 30. b8=Q Bxb8 31. Qxb8 h5 32. Qb4 Qe2 33. Ng3 Qd2) (26. Bb3
Qd6 27. Ra2 (27. Nh1 Kg7 $44) 27... Rxa6 (27... Qf6 28. Nh1 Rxa6 29. Rxa6 Bxa6
30. Qxd5 Kg7 31. Qd2 Bb7 32. Bd1 Qe5) 28. Rxa6 Bxa6 29. Qxd5 Qf4 30. Ne4 Bb5
31. Qxb5 Qxe4 32. Qf1 Kg7 33. Qd1 Qf4 34. Qe1 h5) (26. axb7 $5 Rxa1+ 27. Nf1 $8
Ba7 28. b8=Q+ Bxb8 29. Qxb8+ Kg7 30. Qb5 (30. Bd3 Rd1 31. Ba6 Qe6) 30... c5 31.
Bd3 Rd1 32. Be2 Re1 33. Bf3 d4 34. cxd4 Qxd4 35. Be2 Rb1 36. b3 $16) 26... Qf6
27. Nd4 Bxd4 28. cxd4 Rxa6 29. Rxa6 Qxa6 30. Qe8+ Kg7 31. Qe5+ Kg8 32. Qe8+ Kg7
33. Qe5+ Kg8 34. Qxc7 Qa1+ 35. Kh2 Qxb2 36. Bd3 (36. Qb8+ Kg7 37. Qe5+ Kg8 38.
Qe8+ Kg7 39. Qe5+ Kg8 40. Qb8+ Kg7 41. Qe5+) 36... Kg7 (36... Qxd4 37. Bb5) 37.
Qe5+ Kh7 38. Be2 (38. f4 Qc3 39. Bb5 Qc8 40. Be8 Kg8) 38... Qb6 39. Bf3 Qd8
1/2-1/2

[Event "Olympiad-36"]
[Site "Mallorca"]
[Date "2004.10.27"]
[Round "12"]
[White "Short, Nigel D"]
[Black "Azarov, Sergei Nikolaevich"]
[Result "0-1"]
[WhiteElo "2687"]
[BlackElo "2556"]
[Annotator "Wedberg,T"]
[PlyCount "116"]
[EventDate "2004.10.15"]
[EventType "team-swiss"]
[EventRounds "14"]
[EventCountry "ESP"]
[SourceTitle "CBM 104"]
[Source "ChessBase"]
[SourceDate "2005.01.27"]
[SourceVersion "1"]
[SourceVersionDate "2005.01.27"]
[SourceQuality "1"]
[WhiteTeam "England"]
[BlackTeam "Belarus"]
[WhiteTeamCountry "ENG"]
[BlackTeamCountry "BLR"]

1. e4 e5 2. Nf3 Nc6 3. Bb5 a6 4. Ba4 Nf6 5. O-O Be7 6. Re1 b5 7. Bb3 d6 8. c3
O-O 9. h3 h6 {The Smyslov variation.} 10. d4 Re8 11. Nbd2 Bf8 12. Nf1 Bd7 13.
Ng3 Na5 14. Bc2 c5 15. b3 Nc6 16. d5 Ne7 17. Be3 Ng6 18. c4 (18. Qd2 Nh7 19. a4
Be7 20. Nf5 Bxf5 21. exf5 Nh4 22. Nxh4 Bxh4 $14 {1/2-1/2 Lobron,E-Short,N/
Amsterdam 1983/MCD (33)}) 18... Qc8 (18... Nh7 19. Bd3 Nh4 20. Nh2 Be7 21. Qd2
Ng5 22. Qe2 Rb8 23. Kh1 Qc8 24. Rg1 f5 $132 {1-0 Marjanovic,S-Markidis,K/
Thessaloniki 2002/EXT 2004 (64)}) 19. Qd2 Qb7 (19... Bxh3 $2 20. gxh3 Qxh3 21.
Bd3 $18 {[%cal Yd3f1]}) 20. Rab1 b4 {Here its time for some reflection. What
is going on here? Well, with the centre closed the action will be on the
flanks. Usually White is first to attack on the K-side in the Ruy - but its
not a rule written in stone. Still Short is probably planning to crush his
opponent on the K-side at this stage of the game. On the other side of the
board the front is limited to the a-file. Its clear given the strong outpost
on a3 that Black will benefit more than White from the opening of the a-file.
If White could completely close the Q-side that would probably be a good thing.
} 21. Nf5 a5 {[%mdl 32]} 22. g4 $6 {After this its a very unclear game.} (22.
a4 {Take it or leave it!} bxa3 {Not taking would give White free hands on the
K-side.} 23. Ra1 a4 (23... Qb4 24. Qc1 Reb8 25. Bd2 Qb6 26. Rxa3 $14) 24. Rxa3
axb3 25. Rxb3 Qa6 26. Qc3 $14) 22... a4 $1 23. Rb2 axb3 24. axb3 Ra3 25. Kh2
Rea8 26. Bb1 Ra1 27. Rg1 R8a3 {The black Rs might look a bit stupid, but they
tie up a lot of white forces. Achieving a successful breakthrough on the
K-side is not at all that easy for White, because Black has all his minor
pieces and the Q (and K) in the defence.} 28. Qc2 Qc8 29. Qd3 Qe8 30. Re2 {
The idea is to expel the Rs with Bc1-b2, but that is not really a viable plan
given the weakness of the f4-square.} Ba4 31. Nd2 Bd7 32. Qc2 Nh7 33. Nf3 Qd8
$17 {[%cal Yh7g5]} 34. g5 {This backfires simply because there are more
defenders than attackers on the K-side. But Black was better all the same.} (
34. Bc1 Ra8 (34... Ng5 35. Nxg5 hxg5 36. Bxa3 Rxa3 $44 {[%cal Yg6f4,Yg7g6]})
35. g5 hxg5 36. Nxg5 Nf6 {[%cal Yf6h5,Yh5f4]}) (34. h4 Bxf5 35. exf5 Nxh4 36.
Nd2 Be7 $17) 34... hxg5 35. Nxg5 Nf6 {[%cal Yf6h5,Yh5f4]} 36. Bc1 Nh5 37. Re3 (
37. Bxa3 bxa3 $5 38. Qc3 Rxb1 39. Nxf7 Kxf7 40. Rxb1 Ngf4 41. Ra2 g6 42. Ng3
Qh4 $40) 37... Qf6 38. Rf3 Ngf4 39. Ne3 {White is in a mess. His attaempt to
attack has left him with no play and a very weak K.} g6 40. Bxa3 {An exchange
is at least some comfort.} Rxa3 41. Qd1 Bh6 42. h4 Qh8 $1 $19 {Black's threats
down the h-file decides the game.} 43. Bc2 Nf6 {[%cal Yh6g5,Rh8h4]} 44. Nh3
Nxh3 45. Rxh3 Bf4+ 46. Kg2 Bxh3+ 47. Kxh3 Kf8 48. Ng4 Bg5 49. Nxf6 Qxh4+ 50.
Kg2 Bxf6 51. Rh1 Qg5+ 52. Kf1 Qf4 53. Rh3 Bg5 54. Kg2 Bh4 55. Rf3 Qg5+ 56. Kf1
Qh5 57. Bd3 Bg5 58. Bc2 Ra1 $1 0-1

[Event "Enghien les Bains 3rd"]
[Site "Enghien les Bains"]
[Date "1999.03.07"]
[Round "5"]
[White "Bologan, Viktor"]
[Black "Beliavsky, Alexander G"]
[Result "1-0"]
[WhiteElo "2608"]
[BlackElo "2650"]
[Annotator "Wedberg,T"]
[PlyCount "101"]
[EventDate "1999.03.03"]
[EventType "tourn"]
[EventRounds "9"]
[EventCountry "FRA"]
[EventCategory "15"]
[SourceTitle "CBM 070"]
[Source "ChessBase"]
[SourceDate "1999.06.08"]
[SourceVersion "1"]
[SourceVersionDate "1999.06.08"]
[SourceQuality "1"]

1. e4 e5 2. Nf3 Nc6 3. Bb5 a6 4. Ba4 Nf6 5. O-O Be7 6. Re1 b5 7. Bb3 d6 8. c3
O-O 9. h3 Re8 10. d4 Bb7 11. Nbd2 Bf8 12. a3 h6 13. Bc2 Nb8 14. b4 Nbd7 15. Bb2
c5 16. bxc5 exd4 17. c6 (17. cxd6 dxc3 18. Bxc3 Bxd6 19. e5 Nd5 20. Bb2 Bc7 (
20... Bf8 $13 {1/2-1/2 Hellers,F-Shvidler,E/Thessaloniki 1988/TD (29)}) 21. Nb3
Nf4 22. Be4 Bxe4 23. Rxe4 Ne6 $11 {0-1 Zhang Weida-Greenfeld,A/Luzern 1982/EXT
97-B (57)}) 17... d3 (17... Bxc6 18. cxd4 d5 19. e5 Nh5 20. Bb1 $36 {/\Qc2, e6}
) 18. cxb7 dxc2 19. Qxc2 Rb8 20. a4 Rxb7 21. axb5 axb5 22. Ba3 Qb6 23. Nd4 Rc8
24. Qd3 $14 Ne5 25. Qg3 Nh5 26. Qe3 Be7 27. g3 Nc6 28. Nxc6 Qxc6 29. Bb4 {
White has a slight advantage due to his better B.} Nf6 30. Kh2 Re8 $6 (30... d5
$1 $11 {Exchanging B:s is good for Black.}) 31. Nb3 Qc8 32. Qd3 Bf8 33. Nd4 Qc4
34. Qxc4 bxc4 35. Nf5 g6 $2 (35... Nxe4 36. f3 g6 37. Rxe4 Rxe4 38. fxe4 gxf5
39. exf5 $14) (35... Rxe4 36. Rxe4 (36. Bxd6 Rb5) 36... Nxe4 37. Ra8 g6 38.
Nxd6 Rxb4 39. Nxe4 (39. cxb4 Nxd6 $13) 39... Rb2 $11) 36. Nxd6 Bxd6 37. Bxd6
Nxe4 38. Bc5 $1 {This move is a killer. White gets the B to the magnificent
square d4. Black is already in deep trouble.} f5 39. Bd4 Kf7 40. Ra6 $40 {
[%csl Rf7]} Ree7 41. Re2 Rbd7 (41... Rb3 $5) 42. Kg2 Rd6 43. Ra8 Rde6 44. Rh8
g5 45. Rb2 {The attack is very strong.} g4 46. h4 Re8 47. Rh7+ Kg6 48. Rg7+ Kh5
49. Rb5 Rf8 50. f3 gxf3+ 51. Kh3 $1 1-0

[Event "Bonn GSK"]
[Site "Bonn"]
[Date "1994.??.??"]
[Round "5"]
[White "Romanishin, Oleg M"]
[Black "Sieglen, Joachim"]
[Result "1-0"]
[WhiteElo "2590"]
[BlackElo "2410"]
[Annotator "Wedberg,T"]
[PlyCount "105"]
[EventDate "1994.??.??"]
[EventType "tourn"]
[EventRounds "9"]
[EventCountry "GER"]
[EventCategory "12"]
[SourceTitle "CBM 040"]
[Source "ChessBase"]
[SourceDate "1994.06.01"]
[SourceVersion "1"]
[SourceVersionDate "1994.06.01"]
[SourceQuality "1"]

1. e4 e5 2. Nf3 Nc6 3. Bb5 a6 4. Ba4 Nf6 5. d3 d6 6. c3 Be7 7. O-O O-O 8. Re1
Bd7 (8... b5 9. Bc2 d5 10. Nbd2 dxe4 11. dxe4 Be6 12. h3 h6 13. Nh2 Nh7 14. Ng4
Bg5 $10 {Smyslov,V-Botvinnik,M/Leningrad-Moscow(m)/1941}) 9. Nbd2 Re8 10. Nf1 (
10. d4 b5 11. Bc2 Bf8 12. Nb3 h6 13. h3 Qb8 $10 {Lutikov-Ornstein/Albena/1976})
10... Bf8 11. Ng3 h6 12. d4 b5 13. Bc2 Na7 (13... g6 $5) 14. h3 c5 15. Be3 Nc6
16. d5 $14 Ne7 17. b4 Nc8 18. a4 Nb6 19. a5 Nc4 20. Bc1 Rc8 21. Bd3 cxb4 22.
cxb4 g6 23. Nd2 Nxd2 24. Bxd2 h5 25. Qf3 Rc7 26. Be3 Rc3 27. Qe2 h4 28. Nf1 Nh5
29. Qd2 Rc8 30. Rac1 Bg7 31. Nh2 Qe7 32. Nf3 Bf6 33. Be2 Nf4 $6 34. Bxf4 exf4
35. Rxc8 Rxc8 36. Qxf4 $16 Bc3 37. Rb1 Bf6 38. Bd3 Rc3 39. Qd2 Bc8 40. Re1 Rc7
41. e5 $1 $18 dxe5 42. Bxg6 Rc4 43. Bd3 Rf4 44. Be4 Bg7 45. d6 Qd8 46. Bc6 Rf6
47. Rd1 Rg6 48. Be4 f5 49. d7 Qxd7 (49... fxe4 50. dxc8=Q Qxc8 51. Qd5+ Qe6 52.
Qxe4 $18) 50. Qa2+ Qf7 51. Rd8+ Bf8 52. Qxf7+ Kxf7 53. Rxc8 1-0

[Event "EU-Cup 18th"]
[Site "Kallithea"]
[Date "2002.09.26"]
[Round "5.3"]
[White "Lautier, Joel"]
[Black "Sokolov, Ivan"]
[Result "1/2-1/2"]
[WhiteElo "2663"]
[BlackElo "2677"]
[Annotator "Wedberg,T"]
[PlyCount "87"]
[EventDate "2002.09.22"]
[EventType "team-swiss"]
[EventRounds "7"]
[EventCountry "GRE"]
[SourceTitle "CBM 092"]
[Source "ChessBase"]
[SourceDate "2003.02.06"]
[SourceVersion "1"]
[SourceVersionDate "2003.02.06"]
[SourceQuality "1"]
[WhiteTeam "Paris NAO"]
[BlackTeam "Sarajevo Bosna"]
[WhiteTeamCountry "FRA"]
[BlackTeamCountry "BIH"]

1. e4 e5 2. Nf3 Nc6 3. Bb5 a6 4. Ba4 Nf6 5. O-O Be7 6. Re1 b5 7. Bb3 d6 8. c3
O-O 9. h3 h6 {The Smyslov variation has not been very popular in recent years.
It's percieved as slower and less challengning than the Zaitzev variation
where Black plays more directly against e4 with Bb7 and Re8. But Sokolov is on
a journey through the Ruy Lopez and no stop is too insignificant for him. Now
it's time for this old line to be tried once more.} 10. d4 Re8 11. Nbd2 Bf8 12.
Nf1 Bd7 {This is the best square for the B. Putting it on b7 has less point
now that White can protect e4 easily with Ng3.} 13. Ng3 Na5 14. Bc2 c5 15. b3 {
The alternative is to close the centre immediately with d5, but in general
it's a wise strategy to keep as many options alive as possible.} (15. d5 {
[%cal Ya5c4,Yc4b6,Yg7g6,Yf8g7] Here Black can choose either to regroup with
Nc4-b6 or to develop the K side with g6 and Bg7.}) 15... Nc6 {Black solves the
problem with the a5-N once and for all. Sending the N to the K-side prevents
White from playing for a K-side assault, but opens for an offensive on the
Q-side instead.} 16. d5 {White secures his space advantage.} ({Keeping the
tension with} 16. Be3 {allows Black to equalise with a timely d5.} cxd4 17.
cxd4 exd4 $1 (17... Rc8 $5 18. Rc1 exd4 19. Bxd4 Nxd4 20. Qxd4 Qa5 21. Bb1 Qa3
$15 {Xie,J-Geller,E/Vienna/1993/0|1/37/}) 18. Nxd4 d5 19. exd5 Nb4 (19... Nxd5
$5 20. Be4 Nxe3 21. Rxe3 Rc8 $11 {0-1 Georgiev,K-Beliavsky,A/Cacak 1996/CBM 57/
[Chekhov] (39)}) 20. Nc6 Nxc6 21. dxc6 Bxc6 $11 {1/2-1/2 Dominguez,L-Sokolov,I/
Bled 2002/EXT 2003 (36)}) 16... Ne7 17. Be3 Ng6 18. Qd2 Nh7 {Blacks plan is to
exchange pieces on the K-side to relieve his slightly cramped position.} 19.
Nf1 $146 (19. Nf5 a5 (19... Bxf5 20. exf5 Nh4 21. Nxh4 Qxh4 22. a4 Be7 23. Bd3
$14 {1-0 Jakovenko,D-Sulskis,S/Batumi 2002/CBM 90 (90). (89)}) 20. g3 b4 21.
Nh2 bxc3 22. Qxc3 Qb6 {1/2-1/2 Parma,B-Ciric,D/Titograd 1965/MCD (22)}) (19. a4
{is logical now that Black has moved his N away from the Q-side.} Nh4 (19...
Be7 20. Nf5 (20. Ra2 Qc7 21. Rea1 $14 {1-0 Tosic,M-Abramovic,B/Niksic 1997/CBM
59 ext (60)}) 20... Bxf5 21. exf5 Nh4 22. Nxh4 Bxh4 23. axb5 axb5 24. Bd3 $14 {
0-1 Hracek,Z-Sokolov,I/Selfoss 2002/CBM 92 no vc (37)}) 20. Nh2 Be7 21. b4 c4
22. Ra3 Qc8 23. Qe2 Bg5 24. Rea1 $14 {1-0 Yu Shaoteng-Liu Dede/Shenyang 1999/
EXT 2000 (47)}) 19... Be7 20. b4 cxb4 $5 (20... c4 21. a4 $14 {[%cal Ya1a3,
Ye1a1]}) 21. cxb4 Bg5 {Black starts his program of exchanging pieces.} 22. Nxg5
Nxg5 23. Ng3 Nh4 24. Bd1 $1 {[%csl Gc6][%cal Yd1g4] After an exchange of
white-squared B:s c6 will be aproblem for Black.} Qf6 25. Rc1 Rac8 26. Be2 (26.
Bg4 $4 {is too early.} Bxg4 27. hxg4 Nhf3+ $19) 26... Qg6 27. Bxg5 hxg5 28. Bg4
Bxg4 29. hxg4 Qf6 30. Nf5 g6 31. Nxh4 gxh4 32. Rc6 $14 {White has a small but
clear plus.} Rxc6 33. dxc6 Rc8 34. Rc1 Rc7 35. Rc3 (35. Qe3 Qe6 36. Qb6 Qc8 {
and White still has to find a way to improve.}) 35... Kg7 36. Qd5 Qe6 37. Ra3
Qc8 38. Qxd6 Rxc6 39. Qxe5+ Kg8 40. Rd3 Re6 41. Qg5 Re8 42. Rd6 $2 (42. f3 $16)
42... Qc3 $1 $132 {[%cal Ye1g1,Ye1e4,Rc3e1,Rc3b4]} 43. Kh2 Qxb4 44. Rxg6+
1/2-1/2